000 00670nam a2200217 i 4500
001 81344
003 ES-MaACL
005 20230906174422.0
007 t|
008 041104s1983 sp b ||||1| spa d
020 _a84-271-1338-2
100 1 _aHueso Montón, A. Luis.
_964588
245 1 4 _aLos géneros cinematográficos
_b: materiales bibliográficos y filmográficos /
_cA. Luis Hueso Montón.
260 _a[Bilbao] :
_bMensajero,
_c[1983]
300 _a605 p. ;
_c21 cm.
490 1 _aCinereseña
650 4 _aGéneros cinematográficos-
_vBibliografías.
_9173722
830 1 _aCinereseña
_9182828
852 _aES-MaACL
_jL-9666
999 _c81344
_d81344